• 首页
  • 本馆介绍
  • 公告通知
  • 最新文献
  • 馆藏检索
  • 电子资源
  • 读者导购
  • 参考咨询
  • 我的图书馆
  • 登录
  • 详细信息显示
  • 放入我的书架
  • 预约/预借图书
  • 作者相关作品
  • 分类相关作品
  • 丛书相关作品
  • 出版社相关作品

书目信息

  • 表格格式
  • 工作单格式
  • 卡片格式
题名:
DICTIONARY OF MODERN CULTURE
    
 
作者: 朱斯汀·温特尔
分册:  
出版信息:    
页数: 469页
开本: 24cm
丛书名:
单 册:
中图分类: G112
科图分类:
主题词: 文化事业--世界
电子资源:
ISBN:
000 00487nam0 2200157 450
001 202410294025451918
005 20241112105109.94
100    @a20241029d km y0chiy0120 ea
101 0  @achi
200 1  @aDICTIONARY OF MODERN CULTURE@f朱斯汀·温特尔@FZhu Si Ting·Wen Te Er
215    @a469页@d24cm
606 0  @a文化事业@x世界
690    @aG112@v4
701  0 @a朱斯汀·温特尔@AZhu Si Ting·Wen Te Er
801  0 @aCN@b大连网信软件有限公司图书馆·11@c20241112
905    @aZUCC@b691084@dG112@e143@f1
    
    DICTIONARY OF MODERN CULTURE/朱斯汀·温特尔
    469页;24cm
    
    
    ISBN :
    
●
相关链接 在E读中查询图书 在五车中查询图书 在当当中查询图书 在豆瓣中查询图书


正题名:DICTIONARY OF MODERN CULTURE     索取号:G112/143         预约/预借

序号 登录号 条形码 馆藏地/架位号 状态 备注
1 691084   00691084   密集书库-史法系/ [索取号:G112/143] 在馆    
唐山师范学院图书馆 欢迎您!
大连网信软件有限公司© 版权所有